000 00873nas a2200289 4500
001 BR2012001067
003 BR-BrBNA
005 20231205120219.0
007 ta
008 230509b bl.|||p| |||| 00| 00por d
040 _aBR-BrBNA
_bpor
_cBiblioteca Nacional de Agricultura
041 _a(Pt)
072 _aK10
100 1 _aShinzato, E.T.
100 1 _aTonello, K.C.
100 1 _aGasparoto, E.A.G.
100 1 _aValente, R.O.A.
245 1 _aEscoamento pelo tronco em diferentes povoamentos florestais na Floresta Nacional de Ipanema em Iperó, Brasil
650 _aEUCALIPTO
650 _aPINHEIRO
650 _aESCOAMENTO
650 _aFLORESTA
650 _aHIDROLOGIA
773 0 _tScientia Forestalis (Brazil)
_xISSN 1413-9324
_g(Dec 2011), v. 39(92) p. 395-402
_wBR2012001067
909 _a202311
_bLúcia
_c55
_dLúcia Elande
942 _2AGRIS
_n0
_cANA
999 _c217470
_d217470